Quran (Record no. 7831)

MARC details
000 -LEADER
fixed length control field 00663nam a2200253 a 4500
020 ## - INTERNATIONAL STANDARD BOOK NUMBER
ISBN
082 00 - DEWEY DECIMAL CLASSIFICATION NUMBER
Classification number 297.122
Author Cutter IRV
100 ## - MAIN ENTRY--AUTHOR NAME
Author name Irving, Thomas Ballantine
245 ## - TITLE STATEMENT
Title Quran
Sub title Basic Teachings.
260 ## - PUBLICATION, DISTRIBUTION, ETC. (IMPRINT)
Place of publication Delhi
Name of publisher Markazi Maktaba Jamat-E-Islami
Year of publication 1980
300 ## - PHYSICAL DESCRIPTION
Number of Pages 280p.
500 ## - GENERAL NOTE
General note includes index and biblioraphy
505 2# - FORMATTED CONTENTS NOTE
Formatted contents note Ishaat-E-Islam Trust Pub. No.469
650 ## - SUBJECT ADDED ENTRY--TOPICAL TERM
Topical Term Quran-Appreciation
942 ## - ADDED ENTRY ELEMENTS (KOHA)
Koha item type Books
700 1# -
-- Ahmad, Khurshid
700 1# -
-- Ahsan, Muhammad Manazir
Holdings
Collection code Home library Current library Date acquired Cost, normal purchase price Full call number Accession Number Koha item type
  Henry Martyn Institute Library Henry Martyn Institute Library 09/07/2007 15.00 297.122 IRV 010097 Books
                   Copyright © 2026 | Henry Martyn Institute | Hyderabad | TS-500052 | INDIA | Implemented by hmi.edu.in
Hit-Count:

Powered by Koha